गनेसी की दीवाली / (Record no. 207239)

MARC details
000 -LEADER
fixed length control field 00979nam a22002057a 4500
005 - DATE AND TIME OF LATEST TRANSACTION
control field 20241129143002.0
010 ## - LCCN (DPL NO)
LC control number B-761350
020 ## - INTERNATIONAL STANDARD BOOK NUMBER
International Standard Book Number 9789392998232
Terms of availability 375.00
035 ## - SYSTEM CONTROL NUMBER
System control number B-761350
037 ## - SOURCE OF ACQUISITION
Source of stock number/acquisition उपहार
082 ## - DEWEY DECIMAL CLASSIFICATION NUMBER
Classification number
100 ## - MAIN ENTRY--PERSONAL NAME
Personal name खान, मोहम्मद साजिद
245 ## - TITLE STATEMENT
Title गनेसी की दीवाली /
Statement of responsibility, etc मोहम्मद साजिद खान
260 ## - PUBLICATION, DISTRIBUTION, ETC. (IMPRINT)
Place of publication, distribution, etc दिल्ली
Name of publisher, distributor, etc नयी किताब प्रकाशन
Date of publication, distribution, etc 2023
270 ## - ADDRESS
Address 1/1829,ग्राउंड फ्लोर,पंचशील गार्डन,नवीन शाहदरा,
City दिल्ली
Postal code 110032
300 ## - PHYSICAL DESCRIPTION
Extent 112पृ:
Other physical details 25सेमी(सजिल्द)
Dimensions सचित्र
500 ## - GENERAL NOTE
General note ग्रामांचल की बाल कहानियाँ
942 ## - ADDED ENTRY ELEMENTS (KOHA)
Source of classification or shelving scheme Dewey Decimal Classification
Item type Children Books
Classification part
Call number suffix खानमो
Holdings
Withdrawn status Lost status Not for loan Collection code Home library Current library Date acquired Source of acquisition Cost, normal purchase price Full call number Barcode Copy number Cost, replacement price Koha item type Public note
      Fiction Central Library Central Library 29/11/2024 उपहार /28/11/2024 375.00 क खानमो B-761350 1 375.00 Children Books उपहार

© Delhi Public Library
Hit Counter
free hit counter